000 00936cam a22002895a 4500
008 161101b xxu||||| |||| 00| 0 eng d
020 _a9783662481745
040 _beng
_dEG-ScBUE
082 0 4 _a333.7
_222
_bCHE
100 1 _aChesney, Marc,
_eauthor.
245 1 0 _aEnvironmental finance and investments /
_cMarc Chesney, Jonathan Gheyssens, Anca Claudia Pana, Luca Taschini.
250 _a2nd ed.
260 _aHeidelberg :
_bSpringer ;
_cc. 2016.
263 _a201512
300 _a1 volume :
_c24 cm.
_bill. ;
490 0 _aSpringer texts in business and economics
500 _aPrevious edition: 2013.
500 _aIncludes bibliographical references.
590 _ashima
650 7 _aEnvironmental economics.
_2BUEsh
651 _2BUEsh
653 _bBUSADM
_cNovember2016
700 1 _aGheyssens, Jonathan,
_eauthor.
700 1 _aPana, Anca Claudia,
_eauthor.
700 1 _aTaschini, Luca,
_eauthor.
942 _2ddc
999 _c22975
_d22947